Central Library OPAC University of Rajshahi

Sexual harmony in marriage / (Record no. 44849)

MARC details
000 -LEADER
fixed length control field 00629nam a22002172 4500
001 - CONTROL NUMBER
control field 44849
003 - CONTROL NUMBER IDENTIFIER
rucl marc code BD-RJUL
005 - DATE AND TIME OF LATEST TRANSACTION
control field 20211209053928.0
008 - FIXED-LENGTH DATA ELEMENTS--GENERAL INFORMATION
fixed length control field 160720s1964 enk 000 0 eng d
035 ## - SYSTEM CONTROL NUMBER
System control number BD-RJUL 44967
040 ## - CATALOGING SOURCE
Original cataloging agency EUW
Transcribing agency EUW
Modifying agency UKM
-- EQO
Language of cataloging eng
041 ## - LANGUAGE CODE
Language code of text/sound track or separate title eng
082 04 - DEWEY DECIMAL CLASSIFICATION NUMBER
Classification number 155.645
Edition number 18
Author mark and year WAS 1964
100 1# - MAIN ENTRY--PERSONAL NAME
Personal name Wallis, J. H.
9 (RLIN) 137438
245 10 - TITLE STATEMENT
Title Sexual harmony in marriage /
Statement of responsibility, etc. by J. H. Wallis.
260 ## - PUBLICATION, DISTRIBUTION, ETC. (IMPRINT)
Place of publication, distribution, etc. London :
Name of publisher, distributor, etc. Routledge & Kegan Paul,
Date of publication, distribution, etc. c1964
300 ## - PHYSICAL DESCRIPTION
Pagination viii, 132 p. ;
Size 19 cm.
500 ## - GENERAL NOTE
General note Also published New York : Roy Publishers, c1964.
650 ## - SUBJECT ADDED ENTRY--TOPICAL TERM
Topical term or geographic name as entry element Sexual ethics
9 (RLIN) 137543
942 ## - ADDED ENTRY ELEMENTS (KOHA)
Source of classification or shelving scheme Dewey Decimal Classification
Koha item type Books
Holdings
Lost status Source of classification or shelving scheme Damaged status Not for loan Collection code Permanent Location Current Location Shelving location Date acquired Source of acquisition Total Checkouts Full call number Date last seen Copy number Koha item type
  Dewey Decimal Classification     Non-fiction Central Library, University of Rajshahi Central Library, University of Rajshahi   20/07/2016 Zeithlinger   155.645 WAS 1964 20/07/2016 C-2 Books